00814nam a22002417a 450000500170000000800410001702000180005802200130007604100080008904400070009708200160010424501340012026000420025430000220029649000170031850400290033565000230036465000500038770000370043770000220047470000240049671000520052020141107155350.0141107s2010 ec a gr 00010 spa d a9789978229569 a13901222 aspa aec04a577.38bP2700aLos GTP en la Región Andina / c transcripción por Nadya Ochoa, Editado Patricio Mena Vásconez, Nadia Ochoa y Saskia Flores3 aQuito : bEdiciones Abya-Yala, c2010 a104 p. : c21 cm. aPáramov27 aIncluye bibliografías. 6aPáramoszEcuador 6aRedes científicaszEcuadorxInvestigación1 aMena-Vásconez, Patricio, eed.1 aOchoa, Nadyaded.1 aFlores, Saskiaded.2 aGrupo de Trabajo en Páramos del Ecuador (GTP)